Word Ladder: Magical Mystery Tour Quiz Stats

 Plays Quiz Updated Sep 1, 2019

Score 0/55 Timer 05:00
1 Play Today
Clue Word % Correct
Yellow of an eggYOLK
97.2%
Alternate name for autumnFALL
96%
Genre of Peter, Paul, and MaryFOLK
95.6%
☆ 'Magical Mystery ____' ☆• TOUR •
95%
Quit a hand of pokerFOLD
95%
☆ 'All You ____ Is [Rung 26]' ☆• NEED •
95%
Center of the Earth (or an apple)CORE
94.6%
Group of animalsHERD
94.5%
CorridorHALL
94.5%
Geek; dweeb; dorkNERD
94.4%
Unwanted garden plantWEED
94.1%
Solid or firm; difficult or challengingHARD
93.9%
Set of cards in pokerHAND
93.7%
Join metal with heatWELD
93.3%
☆ 'All You [Rung 18] Is ____' ☆• LOVE •
93.1%
Clinton's Vice PresidentGORE
92.7%
Small sheltered bayCOVE
92.2%
Score below a 60?FAIL
91.8%
Contest of speedRACE
91.6%
Red steakRARE
91.2%
☆ 'Penny ____' ☆• LANE •
91%
☆ '____ Mother Should [Rung 55]' ☆• YOUR •
90.7%
Oscar nominated movie about a pigBABE
90.7%
Nutrition meant for eatingFOOD
90.4%
Solid ground; terra firmaLAND
90.4%
Untamed, like a Minnesota hockey teamWILD
89.9%
Like 'The Jungle Book's necessities BARE
89.9%
Moisten with the tongueLICK
89.1%
Clue Word % Correct
Bloody and violent, as a movieGORY
88.2%
Partner of 'key' in securityLOCK
87.9%
Houston university (or a staple grain of Asia)RICE
87.7%
Wash or batheLAVE
86.9%
Direct ones gazeLOOK
86.8%
☆ 'The [Rung 8] on the ____' ☆• HILL •
85%
Partner of 'testament' in deathWILL
84.7%
Goods taken from an enemyLOOT
84.3%
Adhesive; pasteGLUE
84%
Fencing swordFOIL
83.9%
☆ 'The ____ on the [Rung 13]' ☆• FOOL •
83.5%
Former MLBer called the 'Greek God of Walks'YOUK
83.4%
Speed for a slothSLOW
82.1%
Winter precipitationSNOW
81.7%
To make a strong windBLOW
80.5%
Spongebob's pet snailGARY
79.8%
☆ '[Rung 2] Mother Should ____' ☆• KNOW •
79.6%
Arthritic inflammation in the footGOUT
78.9%
☆ '____, You're a [Rung 39] Man' ☆• BABY •
78.3%
Shapeless massBLOB
77.6%
Uncouth, aggressive manLOUT
77.4%
Excessive abundance of somethingGLUT
76.4%
☆ '____ Jay Way' ☆• BLUE •
75.4%
Cry or weep (informally)BLUB
70.6%
Emmy nominee Hoffman ('Transparent' and 'Girls')GABY
70.3%
☆ '[Rung 33], You're a ____ Man' ☆• RICH •
64.9%
Undead, skeletal creature of fantasyLICH
60.5%

Today's Daily Dose

Missing Word
Celine Dion

Word Ladder
Dr. Seuss Books

Quick Pick
Cities in India

Get the Picture
'A' Actresses

You're not logged in!

Compare scores with friends on all Sporcle quizzes.
OR
Log In

Sporcle TV

Today on Sporcle TV


Watch our educational content, quiz creation guides, and fun videos on Sporcle TV.

Show Comments

Extras

Top Quizzes Today


Score Distribution

Your Account Isn't Verified!

In order to create a playlist on Sporcle, you need to verify the email address you used during registration. Go to your Sporcle Settings to finish the process.

Report this User

Report this user for behavior that violates our Community Guidelines.

Details: